| 000 | 01425cam a2200361 a 4500 | ||
|---|---|---|---|
| 001 | havingitall00newy | ||
| 003 | CaSfIA | ||
| 005 | 20210118095359.0 | ||
| 007 | cr|||| | ||
| 008 | 970313s1997 nyua 000 0 eng | ||
| 010 | _a 97003152 | ||
| 040 |
_aDLC _cDLC _dBAKER _dBTCTA _dYDXCP _dCaSfIA |
||
| 020 | _a0786863633 | ||
| 020 | _a9780786863631 | ||
| 035 | _a(OCoLC)36649143 | ||
| 050 | 0 | 0 |
_aPN1992.77.A5 _bH38 1997 |
| 082 | 0 | 0 |
_a791.45/72 _221 |
| 245 | 0 | 0 |
_aHaving it all / _h[electronic resource] _cErica Kane. |
| 250 | _a1st ed. | ||
| 260 |
_aNew York : _bABC Daytine Press, _cc1997. |
||
| 300 |
_a146 p. : _bill. ; _c22 cm. |
||
| 630 | 0 | 0 | _aAll my children (Television program) |
| 650 | 0 | _aKane, Erica (Fictitious character) | |
| 650 | 0 | _aConduct of life. | |
| 650 | 0 | _aSuccess. | |
| 856 | 4 | 1 |
_uhttp://www.archive.org/details/havingitall00newy _zFree eBook from the Internet Archive |
| 856 | 4 | 2 |
_uhttp://www.openlibrary.org/books/OL657973M _zAdditional information and access via Open Library |
| 029 | 1 |
_aYDXCP _b1385312 |
|
| 029 | 1 |
_aAU@ _b000013156453 |
|
| 942 | _cEB | ||
| 506 | _fНеобхідна авторизація на https://archive.org/ (створення облікового запису безкоштовно) | ||
| 506 | _fНеобхідна авторизація на https://openlibrary.org/ (створення облікового запису безкоштовно) | ||
| 999 |
_c505201 _d505201 |
||